D'où viennent ces paroles ? #1 - Statistiques

Statistiques générales
  • Ce quiz a été pris 28 fois
  • Le résultat moyen est 8 sur 24
Statistiques - réponses
Date Paroles Titre et artiste % Correct
2007 I wanna take you away Let's escape into the music, DJ, let it play Rihanna
65%
1994 I just want you for my own More than you could ever know Make my wish come true Mariah Carey
58%
1994 I just want you for my ownMore than you could ever know Make my wish come true All I Want For Christmas Is You
50%
2007 I wanna take you away Let's escape into the music, DJ, let it play Don't Stop The Music
50%
1978 There lived a certain man in Russia long ago He was big and strong, in his eyes, a flaming glow Rasputin
50%
1978 There lived a certain man in Russia long ago He was big and strong, in his eyes, a flaming glow Boney M.
42%
1973 Sing with me, sing for the year Sing for the laughter and sing for the tear Dream On
42%
1977 Buddy, you're a boy, make a big noise Playing in the street Gonna be a big man someday Queen
42%
1973 Sing with me, sing for the year Sing for the laughter and sing for the tear Aerosmith
38%
2001 One thing, I don't know why It doesn't even matter how hard you try Linkin Park
38%
1977 Buddy, you're a boy, make a big noise Playing in the street Gonna be a big man someday We Will Rock You
38%
2008 I used to roll the dice Feel the fear in my enemy's eyes Coldplay
35%
2001 One thing, I don't know why It doesn't even matter how hard you try In The End
35%
2024 Why you trollin' like a b*ch? Ain't you tired? Tryna strike a chord and it's probably A minor Kendrick Lamar
31%
2024 Why you trollin' like a b*ch? Ain't you tired? Tryna strike a chord and it's probably A minor Not Like Us
31%
2008 I used to roll the dice Feel the fear in my enemy's eyes Viva la Vida
31%
2025 My _____, can't shake it off of me Somebody's watchin' me and my ____, yeah Anxiety
27%
2013 We've come too far To give up who we are So let's raise the bar Daft Punk, Pharell Williams, Nile Rodgers
23%
2013 We've come too far
To give up who we are
So let's raise the bar
Get Lucky
19%
2018 'Bout my coins like Mario
Yeah, they call me _____
I run this sh*t like cardio
Cardi B, Bad Bunny, J Balvin
15%
2025 My _____, can't shake it off of me Somebody's watchin' me and my ____, yeah Doechii
15%
2018 'Bout my coins like MarioYeah, they call me _____
I run this sh*t like cardio
I Like It
12%
2022 I got me a therapist to tell me there's other men I don't want none, I just want you If I can't have you, no one should SZA
12%
2022 I got me a therapist to tell me there's other men
I don't want none, I just want you
If I can't have you, no one should
Kill Bill
8%
Aucun quiz correspondant
Distribution des résultats
% des personnes avec chaque résultat
Percentile par nombre de réponses
Votre historique - résultats
Vous n’avez pas pris ce quiz